| 000 | 00755nam a22002417a 4500 | ||
|---|---|---|---|
| 001 | BR9208114 | ||
| 003 | BR-BrBNA | ||
| 005 | 20230928093656.0 | ||
| 007 | ta | ||
| 008 | 230509b bl.||||| |||| 00| 0 por d | ||
| 040 |
_aBR-BrBNA _bpor _cBiblioteca Nacional de Agricultura |
||
| 041 | _a(Por) | ||
| 072 |
_aH01 _b1000 |
||
| 090 | _ 1000 BR9208114 | ||
| 110 | 1 |
_aSecretaria Nacional de Defesa Agropecuaria, Brasilia, DF (Brasil). Secretaria de Defesa Sanitaria Vegetal _99194 |
|
| 245 | 1 | _aProgra. (anexo 9)ma nacional de defesa sanitaria da citricultura. (anexo 9) | |
| 260 | 3 |
_aBrasilia, DF (Brasil): _c[nd]. |
|
| 300 | _a15 p. | ||
| 650 | _aFRUTA CITRICA | ||
| 650 | _aINSPECAO SANITARIA | ||
| 909 |
_a202309 _bLucia _c55 _dLucia Elande |
||
| 942 | _cBK | ||
| 999 |
_c46418 _d46418 |
||